Vista normal Vista MARC

Entrada Materia (tema)

Número de registros utilizados en: 1

001 - CONTROL NUMBER

  • control field: 185973

003 - CONTROL NUMBER IDENTIFIER

  • control field: Co-BoUCM

005 - DATE AND TIME OF LATEST TRANSACTION

  • control field: 20250618133124.0

008 - FIXED-LENGTH DATA ELEMENTS

  • fixed length control field: 250618|| aca||aabn | a|a d

040 ## - CATALOGING SOURCE

  • Original cataloging agency: Co-BoUCM
  • Transcribing agency: Co-BoUCM

150 ## - HEADING--TOPICAL TERM

  • Topical term or geographic name as entry element: Novela amorosa
  • General subdivision: Relaciones de pareja
  • General subdivision: Estilo de vida

670 ## - SOURCE DATA FOUND

  • Source citation: Work cat.: (Co-BoUCM): Vélez, Ana Cristina 185972, Casi de piedra, 2022